| 000 | 00432nam a22001577a 4500 | ||
|---|---|---|---|
| 999 |
_c188171 _d188171 |
||
| 005 | 20220511154224.0 | ||
| 010 | _aENG-132596 | ||
| 020 |
_a9788189288860 _c67.00 |
||
| 035 | _aEN-116128 | ||
| 037 | _bDBAD/PUB | ||
| 082 | _a230.35 | ||
| 245 |
_aDayalbagh: _bGarden Of The Merciful/ |
||
| 260 |
_bRadhasoami Satsang Sabha _c2015 _aAgra |
||
| 300 |
_a317p _c25cm(hbk) _bPhotographs |
||
| 942 |
_2ddc _cEN _mDAY _h230.35 |
||